[Event "SVK Amateur-ch 2020"]
[Site "Topolcany"]
[Date "2020.07.10"]
[Round "2.26"]
[White "Musial, Tomasz"]
[Black "Deruelle Sala, Albert"]
[Result "0-1"]
[WhiteElo "1946"]
[BlackElo "2078"]
[Annotator "ChessBase"]
[PlyCount "68"]
[EventDate "2020.07.10"]
[EventType "swiss"]
[EventCountry "SVK"]
[SourceTitle "playchess.com"]
[Source "ChessBase"]
[SourceQuality "1"]
[TimeControl "3600+30"]

1. d4 {[%emt 0:00:00]} f5 {[%emt 0:00:00]} 2. g3 {[%emt 0:00:00]} Nf6 {[%emt 0:00:00]} 3. Bg2 {[%emt 0:00:00]} d6 {[%emt 0:00:06]} 4. c4 {[%emt 0:02:26]} e5 {[%emt 0:00:41]} 5. dxe5 {[%emt 0:00:43]} dxe5 {[%emt 0:00:03]} 6. Qxd8+ {[%emt 0:00:08]} Kxd8 {[%emt 0:00:13]} 7. Nc3 {[%emt 0:01:34]} c6 {[%emt 0:01:26]} 8. e4 {[%emt 0:01:24]} Bb4 {[%emt 0:02:35]} 9. Bd2 {[%emt 0:01:16]} fxe4 {[%emt 0:02:20]} 10. Nxe4 {[%emt 0:00:30]} Bxd2+ {[%emt 0:00:21]} 11. Kxd2 {[%emt 0:01:01]} Kc7 {[%emt 0:00:31]} 12. Ne2 {[%emt 0:04:31]} Bf5 {[%emt 0:00:22]} 13. Nxf6 {[%emt 0:01:22]} gxf6 {[%emt 0:00:02]} 14. Rad1 {[%emt 0:01:36]} Na6 {[%emt 0:00:21]} 15. Kc3 {[%emt 0:02:06]} Nc5 {[%emt 0:01:09]} 16. f3 {[%emt 0:00:49]} Rad8 {[%emt 0:01:15]} 17. Nc1 {[%emt 0:03:49]} a5 {[%emt 0:00:14]} 18. b3 {[%emt 0:02:59]} h5 {[%emt 0:00:30]} 19. Rhe1 {[%emt 0:03:13]} h4 {[%emt 0:01:30]} 20. g4 {[%emt 0:03:27]} Bg6 {[%emt 0:00:18]} 21. h3 {[%emt 0:01:53]} Ne6 {[%emt 0:01:16]} 22. Ne2 {[%emt 0:01:30]} b5 {[%emt 0:00:11]} 23. cxb5 {[%emt 0:04:30]} cxb5 {[%emt 0:00:24]} 24. Kb2 {[%emt 0:02:01]} Kb6 {[%emt 0:01:11]} 25. f4 {[%emt 0:07:29]} exf4 {[%emt 0:05:48]} 26. Bd5 {[%emt 0:09:16]} f3 {[%emt 0:02:26]} 27. Bxf3 {[%emt 0:01:48]} Ng5 {[%emt 0:00:32]} 28. Bg2 {[%emt 0:01:56]} Rhe8 {[%emt 0:00:17]} 29. Nf4 {[%emt 0:04:18]} Rxe1 {[%emt 0:02:51]} 30. Rxd8 {[%emt 0:01:15]} Rb1+ {[%emt 0:00:38]} 31. Ka3 {[%emt 0:01:08]} Be4 {[%emt 0:01:13]} 32. Rb8+ {[%emt 0:05:17]} Kc6 33. Rf8 Bxg2 34. Rxf6+ Kc7 0-1

[Event "SVK Amateur-ch 2020"]
[Site "Topolcany"]
[Date "2020.07.10"]
[Round "2.27"]
[White "Tropp, Oliver"]
[Black "Kulhanek, Jachym"]
[Result "1/2-1/2"]
[WhiteElo "2087"]
[BlackElo "1926"]
[Annotator "ChessBase"]
[PlyCount "148"]
[EventDate "2020.07.10"]
[EventType "swiss"]
[EventCountry "SVK"]
[SourceTitle "playchess.com"]
[Source "ChessBase"]
[SourceQuality "1"]
[TimeControl "3600+30"]

1. c4 {[%emt 0:00:00]} b6 {[%emt 0:00:00]} 2. Nc3 {[%emt 0:00:05]} Bb7 {[%emt 0:00:00]} 3. d4 {[%emt 0:00:19]} Nf6 {[%emt 0:01:53]} 4. Bg5 {[%emt 0:00:48]} e6 {[%emt 0:00:25]} 5. e4 {[%emt 0:02:28]} h6 {[%emt 0:04:57]} 6. Bxf6 {[%emt 0:01:15]} Qxf6 {[%emt 0:00:11]} 7. a3 {[%emt 0:00:31]} Qd8 {[%emt 0:08:50]} 8. Nf3 {[%emt 0:02:16]} Be7 {[%emt 0:01:34]} 9. Bd3 {[%emt 0:00:13]} O-O {[%emt 0:01:36]} 10. O-O {[%emt 0:06:27]} d6 {[%emt 0:04:25]} 11. Ne2 {[%emt 0:03:05]} Nd7 {[%emt 0:03:26]} 12. Rb1 {[%emt 0:01:52]} a5 {[%emt 0:02:34]} 13. Ng3 {[%emt 0:01:32]} Ba6 {[%emt 0:04:58]} 14. b4 {[%emt 0:01:17]} axb4 {[%emt 0:01:07]} 15. axb4 {[%emt 0:00:07]} Bb7 {[%emt 0:03:55]} 16. d5 {[%emt 0:04:23]} e5 {[%emt 0:06:20]} 17. Rb3 {[%emt 0:02:44]} g6 {[%emt 0:03:26]} 18. Qd2 {[%emt 0:01:40]} Bg5 {[%emt 0:00:38]} 19. Qb2 {[%emt 0:01:08]} Ra7 {[%emt 0:01:25]} 20. Ra1 {[%emt 0:00:47]} Rxa1+ {[%emt 0:02:04]} 21. Qxa1 {[%emt 0:00:07]} Nb8 {[%emt 0:01:23]} 22. c5 {[%emt 0:03:42]} dxc5 {[%emt 0:06:55]} 23. Qa7 {[%emt 0:02:33]} Bxd5 {[%emt 0:01:49]} 24. exd5 {[%emt 0:00:25]} Qxd5 {[%emt 0:00:07]} 25. Bc2 {[%emt 0:04:50]} Nc6 {[%emt 0:00:35]} 26. Qb7 {[%emt 0:05:58]} Nxb4 {[%emt 0:00:04]} 27. Qxd5 {[%emt 0:00:54]} Nxd5 {[%emt 0:00:04]} 28. Nxe5 {[%emt 0:00:19]} Re8 {[%emt 0:01:24]} 29. Nf3 {[%emt 0:00:38]} Bf6 {[%emt 0:00:58]} 30. Bd3 {[%emt 0:01:10]} Nb4 {[%emt 0:00:25]} 31. Bb1 {[%emt 0:01:32]} Bg7 {[%emt 0:01:16]} 32. h4 {[%emt 0:00:15]} c6 {[%emt 0:00:35]} 33. Kf1 {[%emt 0:00:41]} b5 {[%emt 0:00:14]} 34. h5 {[%emt 0:00:08]} Bf8 {[%emt 0:01:12]} 35. hxg6 {[%emt 0:00:25]} c4 {[%emt 0:00:39]} 36. gxf7+ {[%emt 0:00:59]} Kxf7 {[%emt 0:00:08]} 37. Ra3 {[%emt 0:01:47]} Nd3 {[%emt 0:01:10]} 38. Ra6 {[%emt 0:00:05]} c5 {[%emt 0:01:58]} 39. Rb6 {[%emt 0:05:04]} b4 {[%emt 0:00:14]} 40. Ba2 {[%emt 0:00:21]} b3 {[%emt 0:00:32]} 41. Bb1 {[%emt 0:01:57]} Re6 {[%emt 0:01:27]} 42. Rb5 {[%emt 0:02:21]} Nb4 {[%emt 0:00:37]} 43. Nd2 {[%emt 0:03:04]} c3 {[%emt 0:00:43]} 44. Nxb3 {[%emt 0:00:03]} c2 {[%emt 0:00:07]} 45. Bxc2 {[%emt 0:00:03]} Nxc2 {[%emt 0:00:08]} 46. Ne2 {[%emt 0:00:16]} Rd6 {[%emt 0:01:04]} 47. Rb7+ {[%emt 0:02:14]} Kf6 {[%emt 0:00:11]} 48. Ng3 {[%emt 0:00:26]} Rd1+ {[%emt 0:00:56]} 49. Ke2 {[%emt 0:00:13]} Rb1 {[%emt 0:00:19]} 50. Nxc5 {[%emt 0:01:51]} Rxb7 {[%emt 0:00:15]} 51. Nxb7 {[%emt 0:00:05]} Ke5 {[%emt 0:00:44]} 52. Na5 {[%emt 0:00:17]} Kd5 {[%emt 0:00:50]} 53. Nb3 {[%emt 0:00:42]} Nd4+ {[%emt 0:00:18]} 54. Nxd4 {[%emt 0:00:07]} Kxd4 {[%emt 0:00:06]} 55. f4 {[%emt 0:00:15]} Kd5 {[%emt 0:00:59]} 56. Kf3 {[%emt 0:00:08]} Ke6 {[%emt 0:00:14]} 57. Kg4 {[%emt 0:00:41]} Kf6 {[%emt 0:00:56]} 58. Ne4+ {[%emt 0:00:04]} Kg6 {[%emt 0:00:58]} 59. f5+ {[%emt 0:00:23]} Kh7 {[%emt 0:00:19]} 60. Kf4 {[%emt 0:00:54]} Kg7 {[%emt 0:01:05]} 61. Ke5 {[%emt 0:00:06]} Kf7 {[%emt 0:00:23]} 62. Kf4 {[%emt 0:04:24]} Ba3 {[%emt 0:00:54]} 63. Kg4 {[%emt 0:01:20]} Kg7 {[%emt 0:00:50]} 64. Kh5 {[%emt 0:00:08]} Bf8 {[%emt 0:00:33]} 65. g4 {[%emt 0:00:36]} Kf7 {[%emt 0:00:34]} 66. f6 {[%emt 0:00:15]} Ke6 {[%emt 0:00:34]} 67. Kg6 {[%emt 0:01:03]} Ke5 {[%emt 0:00:49]} 68. Ng3 {[%emt 0:01:45]} Kf4 {[%emt 0:00:48]} 69. Nf5 {[%emt 0:00:03]} Kxg4 {[%emt 0:00:29]} 70. Nxh6+ {[%emt 0:00:19]} Kf4 {[%emt 0:00:31]} 71. Ng8 {[%emt 0:00:50]} Ke5 {[%emt 0:00:30]} 72. Kf7 {[%emt 0:00:08]} Ba3 {[%emt 0:00:25]} 73. Ne7 {[%emt 0:00:27]} Bb2 {[%emt 0:00:55]} 74. Kg6 {[%emt 0:01:10]} Ke6 {[%emt 0:00:22]} 1/2-1/2

[Event "SVK Amateur-ch 2020"]
[Site "Topolcany"]
[Date "2020.07.10"]
[Round "2.28"]
[White "Moravcik, Rastislav"]
[Black "Frink, Ferenc"]
[Result "0-1"]
[WhiteElo "1916"]
[BlackElo "2075"]
[Annotator "ChessBase"]
[PlyCount "84"]
[EventDate "2020.07.10"]
[EventType "swiss"]
[EventCountry "SVK"]
[SourceTitle "playchess.com"]
[Source "ChessBase"]
[SourceQuality "1"]
[TimeControl "3600+30"]

1. d4 {[%emt 0:00:00]} Nf6 {[%emt 0:05:55]} 2. c4 {[%emt 0:00:20]} Nc6 {[%emt 0:00:13]} 3. Nf3 {[%emt 0:01:42]} e6 {[%emt 0:00:18]} 4. Nc3 {[%emt 0:01:16]} d6 {[%emt 0:00:10]} 5. e4 {[%emt 0:02:43]} Bd7 {[%emt 0:00:11]} 6. Be2 {[%emt 0:00:45]} h6 {[%emt 0:00:10]} 7. O-O {[%emt 0:00:51]} e5 {[%emt 0:00:15]} 8. d5 {[%emt 0:01:26]} Ne7 {[%emt 0:00:08]} 9. Ne1 {[%emt 0:00:58]} Ng6 {[%emt 0:00:14]} 10. Nd3 {[%emt 0:04:22]} Be7 {[%emt 0:00:33]} 11. Be3 {[%emt 0:01:05]} O-O {[%emt 0:00:12]} 12. Rc1 {[%emt 0:02:17]} a6 {[%emt 0:00:31]} 13. c5 {[%emt 0:12:07]} Nh7 {[%emt 0:01:09]} 14. Bg4 {[%emt 0:01:37]} Qc8 {[%emt 0:04:19]} 15. Bxd7 {[%emt 0:02:16]} Qxd7 {[%emt 0:00:02]} 16. c6 {[%emt 0:04:15]} bxc6 {[%emt 0:03:07]} 17. dxc6 {[%emt 0:00:08]} Qe6 {[%emt 0:00:13]} 18. Nd5 {[%emt 0:01:28]} Bd8 {[%emt 0:00:09]} 19. Qa4 {[%emt 0:07:28]} Ng5 {[%emt 0:05:43]} 20. f3 {[%emt 0:04:03]} f5 {[%emt 0:02:25]} 21. Bxg5 {[%emt 0:02:07]} hxg5 {[%emt 0:00:12]} 22. Ne3 {[%emt 0:05:41]} f4 {[%emt 0:11:46]} 23. Ng4 {[%emt 0:00:39]} Rf7 {[%emt 0:03:22]} 24. Qc4 {[%emt 0:01:38]} Qc8 {[%emt 0:00:44]} 25. Nb4 {[%emt 0:01:21]} Nf8 {[%emt 0:01:04]} 26. Rc3 {[%emt 0:01:56]} Ne6 {[%emt 0:01:35]} 27. Ra3 {[%emt 0:00:26]} a5 {[%emt 0:01:32]} 28. Nd5 {[%emt 0:00:22]} Nd4 {[%emt 0:00:56]} 29. Rd1 {[%emt 0:03:09]} Qa6 {[%emt 0:04:42]} 30. Qxa6 {[%emt 0:01:41]} Rxa6 {[%emt 0:00:17]} 31. b4 {[%emt 0:00:50]} a4 {[%emt 0:00:44]} 32. Nc3 {[%emt 0:00:51]} Rxc6 {[%emt 0:00:32]} 33. Kf1 {[%emt 0:02:20]} Nc2 {[%emt 0:01:29]} 34. Rxa4 {[%emt 0:00:13]} Rxc3 {[%emt 0:00:21]} 35. Nxe5 {[%emt 0:00:33]} dxe5 {[%emt 0:05:55]} 36. Rxd8+ {[%emt 0:00:10]} Rf8 {[%emt 0:00:06]} 37. Raa8 {[%emt 0:00:21]} Rxd8 {[%emt 0:00:14]} 38. Rxd8+ {[%emt 0:00:06]} Kf7 {[%emt 0:00:08]} 39. b5 {[%emt 0:00:18]} Ne3+ {[%emt 0:01:05]} 40. Ke2 {[%emt 0:00:49]} Nxg2 {[%emt 0:01:10]} 41. a4 {[%emt 0:00:25]} Rc2+ {[%emt 0:00:57]} 42. Kd3 {[%emt 0:01:20]} Ne1# {[%emt 0:00:16]} 0-1

[Event "SVK Amateur-ch 2020"]
[Site "Topolcany"]
[Date "2020.07.10"]
[Round "2.29"]
[White "Ihnat, Marek ml."]
[Black "Belus, Benjamin"]
[Result "1/2-1/2"]
[WhiteElo "2065"]
[BlackElo "1919"]
[Annotator "ChessBase"]
[PlyCount "57"]
[EventDate "2020.07.10"]
[EventType "swiss"]
[EventCountry "SVK"]
[SourceTitle "playchess.com"]
[Source "ChessBase"]
[SourceQuality "1"]
[TimeControl "3600+30"]

1. e4 {[%emt 0:00:00]} c5 {[%emt 0:00:00]} 2. Nf3 {[%emt 0:00:00]} d6 {[%emt 0:00:00]} 3. d4 {[%emt 0:00:00]} cxd4 {[%emt 0:00:00]} 4. Nxd4 {[%emt 0:00:00]} Nf6 {[%emt 0:00:06]} 5. Nc3 {[%emt 0:00:03]} a6 {[%emt 0:00:03]} 6. h3 {[%emt 0:00:07]} Nc6 {[%emt 0:00:08]} 7. g4 {[%emt 0:01:35]} h6 {[%emt 0:03:14]} 8. Bg2 {[%emt 0:00:30]} e5 {[%emt 0:00:09]} 9. Nb3 {[%emt 0:03:19]} Be6 {[%emt 0:00:04]} 10. Be3 {[%emt 0:00:12]} Be7 {[%emt 0:00:49]} 11. Qd2 {[%emt 0:01:30]} b5 {[%emt 0:00:54]} 12. O-O-O {[%emt 0:01:14]} Na5 {[%emt 0:01:34]} 13. Nxa5 {[%emt 0:00:58]} Qxa5 {[%emt 0:00:02]} 14. Kb1 {[%emt 0:00:35]} Rc8 {[%emt 0:02:31]} 15. f4 {[%emt 0:03:45]} Bc4 {[%emt 0:06:20]} 16. b3 {[%emt 0:09:21]} Bxb3 {[%emt 0:02:31]} 17. cxb3 {[%emt 0:01:57]} Qxc3 {[%emt 0:01:07]} 18. Qe2 {[%emt 0:04:27]} O-O {[%emt 0:03:20]} 19. g5 {[%emt 0:01:25]} Nh5 {[%emt 0:02:44]} 20. Rc1 {[%emt 0:19:46]} Ng3 {[%emt 0:01:47]} 21. Rxc3 {[%emt 0:02:16]} Nxe2 {[%emt 0:00:04]} 22. Rxc8 {[%emt 0:00:08]} Rxc8 {[%emt 0:00:18]} 23. fxe5 {[%emt 0:00:26]} dxe5 {[%emt 0:06:32]} 24. gxh6 {[%emt 0:00:23]} Ba3 {[%emt 0:05:09]} 25. hxg7 {[%emt 0:03:47]} Nc3+ {[%emt 0:01:42]} 26. Ka1 {[%emt 0:00:51]} Ne2 {[%emt 0:00:14]} 27. Kb1 {[%emt 0:05:27]} Nc3+ {[%emt 0:05:32]} 28. Ka1 {[%emt 0:00:06]} Ne2 {[%emt 0:00:04]} 29. Kb1 1/2-1/2

[Event "SVK Amateur-ch 2020"]
[Site "Topolcany"]
[Date "2020.07.10"]
[Round "2.30"]
[White "Pirvulescu, Adrian"]
[Black "Hasterok, Mateusz"]
[Result "0-1"]
[WhiteElo "1909"]
[BlackElo "2056"]
[Annotator "ChessBase"]
[PlyCount "118"]
[EventDate "2020.07.10"]
[EventType "swiss"]
[EventCountry "SVK"]
[SourceTitle "playchess.com"]
[Source "ChessBase"]
[SourceQuality "1"]
[TimeControl "3600+30"]

1. e4 {[%emt 0:00:00]} c5 {[%emt 0:00:00]} 2. Nc3 {[%emt 0:00:00]} Nc6 {[%emt 0:00:00]} 3. f4 {[%emt 0:00:00]} g6 {[%emt 0:00:00]} 4. Nf3 {[%emt 0:00:00]} Bg7 {[%emt 0:00:01]} 5. Bb5 {[%emt 0:00:01]} Nd4 {[%emt 0:00:37]} 6. O-O {[%emt 0:00:05]} e6 {[%emt 0:02:02]} 7. d3 {[%emt 0:00:05]} Ne7 {[%emt 0:02:02]} 8. Nxd4 {[%emt 0:00:03]} cxd4 {[%emt 0:02:16]} 9. Ne2 {[%emt 0:00:03]} O-O {[%emt 0:01:39]} 10. Ba4 {[%emt 0:00:03]} a6 {[%emt 0:05:27]} 11. Qe1 {[%emt 0:01:48]} b5 {[%emt 0:10:00]} 12. Bb3 {[%emt 0:00:02]} Nc6 {[%emt 0:01:26]} 13. Bd2 {[%emt 0:07:30]} f5 {[%emt 0:10:55]} 14. e5 {[%emt 0:12:23]} d6 {[%emt 0:00:46]} 15. a4 {[%emt 0:00:31]} b4 {[%emt 0:06:03]} 16. Bxb4 {[%emt 0:05:45]} Nxb4 {[%emt 0:00:08]} 17. Qxb4 {[%emt 0:00:05]} dxe5 {[%emt 0:00:12]} 18. fxe5 {[%emt 0:00:14]} Bxe5 {[%emt 0:00:42]} 19. Nf4 {[%emt 0:03:12]} Re8 {[%emt 0:05:49]} 20. Rae1 {[%emt 0:11:31]} Qc7 {[%emt 0:01:43]} 21. g3 {[%emt 0:03:40]} Kg7 {[%emt 0:04:26]} 22. Re2 {[%emt 0:01:20]} Rb8 {[%emt 0:03:19]} 23. Qe1 {[%emt 0:00:46]} Bxf4 {[%emt 0:00:26]} 24. gxf4 {[%emt 0:18:12]} Qc6 {[%emt 0:01:01]} 25. Qg3 {[%emt 0:00:13]} e5 {[%emt 0:05:01]} 26. fxe5 {[%emt 0:01:22]} Bb7 {[%emt 0:01:00]} 27. e6 {[%emt 0:02:52]} Qh1+ {[%emt 0:03:51]} 28. Kf2 {[%emt 0:00:01]} f4 {[%emt 0:00:14]} 29. Qh3 {[%emt 0:02:04]} Qc6 {[%emt 0:00:05]} 30. Ke1 {[%emt 0:00:36]} Qd6 {[%emt 0:00:21]} 31. Qg4 {[%emt 0:00:32]} f3 {[%emt 0:00:34]} 32. Ref2 {[%emt 0:00:29]} Bc6 {[%emt 0:01:48]} 33. Qg3 {[%emt 0:00:14]} Qb4+ {[%emt 0:01:58]} 34. Kd1 {[%emt 0:00:09]} Qc5 {[%emt 0:00:16]} 35. Qc7+ {[%emt 0:00:09]} Kh8 {[%emt 0:00:37]} 36. Re1 {[%emt 0:00:57]} Rb7 {[%emt 0:00:41]} 37. Qe5+ {[%emt 0:00:32]} Qxe5 {[%emt 0:00:01]} 38. Rxe5 {[%emt 0:00:00]} Rg7 {[%emt 0:00:23]} 39. Rc5 {[%emt 0:00:19]} Bb7 {[%emt 0:00:22]} 40. a5 {[%emt 0:01:02]} g5 {[%emt 0:00:33]} 41. Bd5 {[%emt 0:00:51]} g4 {[%emt 0:00:35]} 42. Bxb7 {[%emt 0:00:45]} Rxb7 {[%emt 0:00:01]} 43. Rg5 {[%emt 0:00:32]} Rg7 {[%emt 0:00:15]} 44. Rd5 {[%emt 0:00:29]} Rxe6 {[%emt 0:00:30]} 45. Rxd4 {[%emt 0:00:20]} h5 {[%emt 0:00:19]} 46. Rd5 {[%emt 0:00:31]} Rh6 {[%emt 0:00:16]} 47. Rf5 {[%emt 0:00:39]} h4 {[%emt 0:00:42]} 48. Rf1 {[%emt 0:00:32]} Kh7 {[%emt 0:01:08]} 49. Kd2 {[%emt 0:00:29]} Kg6 {[%emt 0:00:28]} 50. Rf4 {[%emt 0:00:30]} Kg5 {[%emt 0:00:14]} 51. Rf8 {[%emt 0:00:05]} Re6 {[%emt 0:00:30]} 52. Re1 {[%emt 0:00:52]} Rf6 {[%emt 0:01:13]} 53. Rxf6 {[%emt 0:00:33]} Kxf6 {[%emt 0:00:01]} 54. Rf1 {[%emt 0:00:30]} Kf5 {[%emt 0:00:12]} 55. Ke3 {[%emt 0:00:09]} Re7+ {[%emt 0:00:10]} 56. Kd4 {[%emt 0:00:13]} Kf4 {[%emt 0:00:12]} 57. c4 {[%emt 0:01:06]} g3 {[%emt 0:00:05]} 58. b4 {[%emt 0:00:22]} g2 {[%emt 0:00:07]} 59. b5 {[%emt 0:00:39]} gxf1=Q {[%emt 0:00:09]} 0-1

[Event "SVK Amateur-ch 2020"]
[Site "Topolcany"]
[Date "2020.07.10"]
[Round "2.31"]
[White "Blaho, Stefan"]
[Black "Gyurika, Tamas"]
[Result "1-0"]
[WhiteElo "2050"]
[BlackElo "1851"]
[Annotator "ChessBase"]
[PlyCount "43"]
[EventDate "2020.07.10"]
[EventType "swiss"]
[EventCountry "SVK"]
[SourceTitle "playchess.com"]
[Source "ChessBase"]
[SourceQuality "1"]
[TimeControl "3600+30"]

1. d4 {[%emt 0:00:00]} d5 {[%emt 0:00:00]} 2. Bf4 {[%emt 0:00:00]} e6 {[%emt 0:00:24]} 3. e3 {[%emt 0:00:00]} Nf6 {[%emt 0:00:12]} 4. Nd2 {[%emt 0:01:37]} c5 {[%emt 0:00:58]} 5. c3 {[%emt 0:00:04]} Nc6 {[%emt 0:00:46]} 6. Ngf3 {[%emt 0:00:16]} Be7 {[%emt 0:03:40]} 7. Bd3 {[%emt 0:00:28]} O-O {[%emt 0:00:52]} 8. Ne5 {[%emt 0:00:37]} Qb6 {[%emt 0:03:59]} 9. Rb1 {[%emt 0:00:34]} cxd4 {[%emt 0:03:18]} 10. exd4 {[%emt 0:00:02]} Bd6 {[%emt 0:00:52]} 11. Qe2 {[%emt 0:17:01]} Qc7 {[%emt 0:03:22]} 12. Bg3 {[%emt 0:00:17]} Nd7 {[%emt 0:01:38]} 13. f4 {[%emt 0:17:12]} Ne7 {[%emt 0:03:17]} 14. O-O {[%emt 0:01:33]} f6 {[%emt 0:01:19]} 15. Qh5 {[%emt 0:03:23]} g6 {[%emt 0:02:09]} 16. Nxg6 {[%emt 0:00:53]} hxg6 {[%emt 0:00:27]} 17. Bxg6 {[%emt 0:00:01]} Nxg6 {[%emt 0:00:09]} 18. Qxg6+ {[%emt 0:00:07]} Kh8 {[%emt 0:00:05]} 19. Qh6+ {[%emt 0:11:58]} Kg8 {[%emt 0:00:07]} 20. Qg6+ {[%emt 0:00:03]} Kh8 {[%emt 0:00:06]} 21. Rf3 {[%emt 0:01:45]} Nb6 {[%emt 0:01:23]} 22. f5 {[%emt 0:01:07]} 1-0

[Event "SVK Amateur-ch 2020"]
[Site "Topolcany"]
[Date "2020.07.10"]
[Round "2.32"]
[White "Skrinar, Marek"]
[Black "Matejov, Jaroslav"]
[Result "1-0"]
[WhiteElo "1668"]
[BlackElo "2021"]
[Annotator "TA"]
[PlyCount "117"]
[EventDate "2020.07.10"]
[EventType "swiss"]
[EventCountry "SVK"]
[SourceTitle "playchess.com"]
[Source "ChessBase"]
[SourceQuality "1"]

{[%evp 14,117,16,0,16,-21,14,-47,-47,-70,-65,-111,-76,-76,-86,-101,-78,-55,-58,-70,-52,-108,8,8,27,32,47,32,29,37,70,75,77,73,137,35,43,43,62,60,96,62,62,62,62,62,124,145,163,87,169,171,326,303,361,361,350,351,456,468,460,458,458,407,452,481,587,518,708,653,781,759,730,678,739,614,546,533,508,392,1166,1039,914,800,6276,1818,29957,4280,29969,29965,29976,8,8,0,29966,1287,29973,29976,29980,29981,29980,29982,29983,29984,29990,29977]} 1. Nf3 Nf6 2. d4 e6 3. c4 d5 4. Nc3 Be7 5. g3 O-O 6. Bg2 Nbd7 7. O-O dxc4 8. a4 a5 {E07: Closed Catalan: Main Line (5 Nf3 0-0 6 0-0 Nbd7).} 9. Qc2 {[#]} Nb6 $146 ({Predecessor:} 9... Nd5 10. Ne4 N7b6 11. Ne5 Nb4 12. Qc3 N4d5 13. Qc2 Nb4 14. Qc3 Qe8 15. Nxc4 Nxa4 16. Qb3 {½-½ (36) Obando Guzman,S (1932)-Zapata Cuartas,J (2086) Bogota 2015}) 10. Nb5 ({White should try} 10. e4 $11) 10... Bd7 $15 {Black is slightly better.} 11. Bd2 Bc6 12. Bc3 Bb4 13. Ne5 Bxg2 14. Kxg2 c6 15. Na3 Bxa3 16. Rxa3 Nfd5 17. e4 {[#]} (17. Raa1 $15) 17... Nb4 (17... f6 $1 $17 {And now ...Nb4 would win.} 18. Nf3 Nb4) 18. Qe2 $11 Qe7 (18... f5 {seems wilder.} 19. Nxc4 Nxc4 20. Qxc4 Qd6 21. exf5 Rxf5 22. Bxb4 axb4 23. Re3 Rxa4 24. Rxe6 Qd5+) 19. Nxc4 Nxc4 20. Qxc4 f5 21. exf5 Rxf5 22. Bxb4 $1 axb4 23. Re3 Qd6 ({Black should play} 23... Rf6) 24. b3 ({But not} 24. Qxe6+ $6 Qxe6 25. Rxe6 Rxa4 $11) ({White must play} 24. Rxe6 $16 {[%cal Re6e8]} Qd5+ 25. Qxd5 Rxd5 26. Re7) 24... Re8 25. Rfe1 $36 {[%cal Re3e6][%mdl 2048] Black is under pressure.} Kf7 26. Re5 g6 27. f4 Rxe5 28. fxe5 Qd5+ 29. Qxd5 cxd5 $14 {[%mdl 4096] Endgame KR-KR} (29... exd5 $14 30. Kf3 h6) 30. Rc1 $16 Re7 31. Rc5 (31. h4 $18) 31... Ke8 (31... h5 $16) 32. Rb5 Kd8 $2 (32... g5 33. Rxb4 Kf7) 33. Rxb4 $18 Rc7 34. Kf3 h6 35. Rb6 Rc3+ 36. Ke2 Kc7 37. Rxe6 Rxb3 38. Rxg6 Rb2+ 39. Kd3 Rxh2 40. Kc3 h5 41. Kb4 b6 42. Rd6 Rb2+ 43. Kc3 Ra2 44. Kb3 Rg2 45. Rxd5 Rxg3+ 46. Kb4 h4 $2 (46... Rg8 47. e6 Rd8) 47. Rd6 h3 48. Rh6 Rd3 49. Kc4 (49. Rh7+ $142 Kd8 50. Kc4) 49... Ra3 50. Kd5 Rxa4 51. Rxh3 b5 52. Kc5 $2 (52. e6 {mates} b4 53. Rh7+ Kd8 54. Kd6 Ra6+ 55. Ke5 Ra5+ 56. d5 b3 57. Rh8+ Ke7 58. Rb8) 52... Rc4+ $11 53. Kd5 $2 {[%mdl 8192] [#]} (53. Kxb5 $11 Rxd4 54. Kc5) 53... Ra4 54. Rb3 (54. Rh7+ $142 Kd8 55. Rb7 b4 56. Kc5 Ra1 57. e6 Kc8 58. Rf7 Re1 59. d5) 54... Kb6 55. e6 {White mates.} Ra8 56. e7 Rh8 57. Ke6 Rh6+ 58. Kd7 Rh4 59. d5 {Accuracy: White = 67%, Black = 43%.} 1-0

[Event "SVK Amateur-ch 2020"]
[Site "Topolcany"]
[Date "2020.07.11"]
[Round "3.1"]
[White "Bojda, Lubomir"]
[Black "Miciak, Emanuel"]
[Result "1-0"]
[WhiteElo "2110"]
[BlackElo "1839"]
[Annotator "ChessBase"]
[PlyCount "55"]
[EventDate "2020.07.10"]
[EventType "swiss"]
[EventCountry "SVK"]
[SourceTitle "playchess.com"]
[Source "ChessBase"]
[SourceQuality "1"]
[TimeControl "3600+30"]

1. Nf3 {[%emt 0:00:00]} Nf6 {[%emt 0:00:00]} 2. c4 {[%emt 0:00:00]} c6 {[%emt 0:00:00]} 3. d4 {[%emt 0:00:48]} d5 {[%emt 0:00:06]} 4. Nc3 {[%emt 0:00:05]} Bf5 {[%emt 0:00:22]} 5. cxd5 {[%emt 0:01:03]} cxd5 {[%emt 0:00:10]} 6. Qb3 {[%emt 0:00:06]} b6 {[%emt 0:03:45]} 7. Bf4 {[%emt 0:03:11]} a6 {[%emt 0:04:10]} 8. Rc1 {[%emt 0:01:16]} e6 {[%emt 0:02:21]} 9. Na4 {[%emt 0:05:04]} Nbd7 {[%emt 0:02:38]} 10. e3 {[%emt 0:06:30]} Rc8 {[%emt 0:04:07]} 11. Nc3 {[%emt 0:01:35]} b5 {[%emt 0:01:46]} 12. a3 {[%emt 0:00:05]} Be7 {[%emt 0:01:33]} 13. Be2 {[%emt 0:00:03]} Ne4 {[%emt 0:01:05]} 14. O-O {[%emt 0:02:00]} Nxc3 {[%emt 0:00:19]} 15. Rxc3 {[%emt 0:00:15]} Rxc3 {[%emt 0:00:22]} 16. Qxc3 {[%emt 0:00:10]} O-O {[%emt 0:02:01]} 17. Rc1 {[%emt 0:00:28]} Nf6 {[%emt 0:00:35]} 18. Ne5 {[%emt 0:00:55]} Ne4 {[%emt 0:03:22]} 19. Qc6 {[%emt 0:00:56]} Qd6 {[%emt 0:03:38]} 20. Ng6 {[%emt 0:00:37]} Qd8 {[%emt 0:04:56]} 21. Nxe7+ {[%emt 0:00:48]} Qxe7 {[%emt 0:00:08]} 22. f3 {[%emt 0:00:05]} e5 {[%emt 0:02:56]} 23. Bxe5 {[%emt 0:05:16]} Nf6 {[%emt 0:03:57]} 24. Qxa6 {[%emt 0:00:24]} Nd7 {[%emt 0:02:01]} 25. Qd6 {[%emt 0:01:10]} Qh4 {[%emt 0:03:21]} 26. Qxd5 {[%emt 0:02:00]} Re8 {[%emt 0:02:37]} 27. Bxb5 {[%emt 0:01:11]} Nxe5 {[%emt 0:00:58]} 28. Bxe8 {[%emt 0:00:51]} 1-0